000 01056nam a2200337 a 4500
001 000009447
003 DO-SdBPM
005 20251020103057.0
007 ta
008 090930s2023 dr 001 0 spa
020 _a9788412777727
040 _aDO-SdBPM
_bspa
_cBPMSU
_erda
082 4 _aRD861.5
_bR621m 2023
_222
100 1 _aRivera Garrieo, Martha
_eautor
_d1961-
245 1 0 _aMemorial de medusa /
_cMartha Rivera -Garrido; prólogo Anyia Flavía
260 _c
264 _aMadrid :
_bHuerga y Fierro Editores
_c2023
300 _a139 páginas :
_c23 cm.
336 _atexto
_btxt
_2rdacontent
337 _asin mediación
_bn
_2rdamedia
338 _avolumen
_bnc
_2rdacarrier
490 0 _aPoesía
500 _aIncluye datos biográficos del autor en la solapa de la cubierta
590 _aInventariado, 2025/VM
590 _6Inventariado, 2025/VM
650 7 _aPoesía dominicana
650 7 _aLiteratura dominicana
700 1 _aFlavía, Anyia
_eprólogo
910 _aVMateo V. Control de calidad. BPMSU
942 _2ddc
_cBK
999 _c15468
_d15468